| 000 | 00547nam a2200193Ia 4500 | ||
|---|---|---|---|
| 003 | LDD | ||
| 008 | 181029s9999 xx 000 0 und d | ||
| 020 |
_a813160019x _c525.00 |
||
| 040 | _cLDD | ||
| 100 | _aKarna, M.N. | ||
| 245 | 0 |
_aDemocracy pluralism and conflict _cM.N. Karna |
|
| 260 |
_aJaipur _bRawat Publications _c2006 |
||
| 300 | _aviii, 216 | ||
| 365 | _b525.00 | ||
| 901 |
_a3527 _b24-11-2006 |
||
| 902 |
_a1371/12/06 _b05-12-2006 _cF _dSELECT _e32 |
||
| 903 |
_aDiscount-10 _bReqst by : Reddy, K. Sudheer |
||
| 942 |
_2ddc _cBK |
||
| 999 |
_c76722 _d76722 |
||